Score 0/45 Timer 06:00
7 Plays Today
Hint Answer % Correct
5 Largest CountriesCanada
98.7%
Least Densely Populated CountriesCanada
98.7%
5 Countries Beginning with 'C'Canada
98.7%
5 Largest CountriesUnited States
98.6%
5 Largest CountriesBrazil
98.1%
5 Countries Bordering ArgentinaBrazil
98.1%
5 Largest CountriesMexico
97%
5 Countries Bordering ArgentinaChile
94.3%
5 Countries Beginning with 'C'Chile
94.3%
5 Largest CountriesArgentina
93.7%
5 Most Populous Metro AreasNew York City, USA
93.4%
5 Countries Beginning with 'C'Cuba
89.2%
5 Most Populous
Islands
Cuba
89.1%
5 Countries Bordering ArgentinaParaguay
86%
5 Most Populous Metro AreasMexico City, Mexico
85.8%
5 Countries Bordering ArgentinaUruguay
85.3%
5 Longest Country Borders
[List both countries.]
United States and Canada
83.9%
5 Most Populous Metro AreasLos Angeles, USA
83.7%
5 Countries Beginning with 'C'Colombia
83.6%
5 Longest Country Borders
[List both countries.]
United States and Mexico
80.9%
5 Countries Bordering ArgentinaBolivia
80%
5 Poorest Countries (GDP Per Capita)Bolivia
80%
Least Densely Populated CountriesBolivia
80%
Hint Answer % Correct
5 Poorest Countries (GDP Per Capita)Haiti
79.6%
5 Poorest Countries (GDP Per Capita)Guyana/Guatemala
77.9%
5 Most Populous
Islands
Jamaica
77.7%
5 Countries Beginning with 'C'Costa Rica
75.7%
5 Longest Country Borders
[List both countries.]
Chile and Argentina
73.5%
5 Poorest Countries (GDP Per Capita)Honduras
65.7%
Least Densely Populated CountriesSuriname
65.3%
Least Densely Populated CountriesBelize
63.9%
Least Densely Populated CountriesGuyana
63.8%
5 Smallest
Countries
St. Kitts and Nevis
62.8%
5 Poorest Countries (GDP Per Capita)Nicaragua
61.8%
5 Smallest
Countries
Barbados
61.2%
5 Most Populous Metro AreasBuenos Aires, Argentina
56.1%
5 Smallest
Countries
St. Vincent and the Grenadines
55.9%
5 Smallest
Countries
Grenada
54.3%
5 Smallest
Countries
Antigua and Barbuda
53.2%
5 Most Populous Metro AreasSão Paulo, Brazil
52.2%
5 Most Populous
Islands
Hispaniola
38.2%
5 Longest Country Borders
[List both countries.]
Peru and Brazil
38.1%
5 Longest Country Borders
[List both countries.]
Bolivia and Brazil
36.5%
5 Most Populous
Islands
Puerto Rico
33.8%
5 Most Populous
Islands
Long Island
17.2%
Remove Ads.
Support Sporcle.
Get the best of Sporcle when you Go Orange. This ad-free experience offers more features, more stats, and more fun while also helping to support Sporcle. Thank you for becoming a member.

You're not logged in!

Compare scores with friends on all Sporcle quizzes.
OR
Log In

Show Comments

Extras

Top Quizzes Today


Score Distribution

Your Account Isn't Verified!

In order to create a playlist on Sporcle, you need to verify the email address you used during registration. Go to your Sporcle Settings to finish the process.

Report this User

Report this user for behavior that violates our Community Guidelines.

Details: